| 000 | 00770nam a2200301 a 4500 | ||
|---|---|---|---|
| 003 | AR-BaBNM | ||
| 005 | 20251128205413.0 | ||
| 008 | 082120s2002 ||||||||||||||000 | spa|| | ||
| 020 | _a84-241-4515-1 | ||
| 040 | _cAR-BaBNM | ||
| 100 | 1 | _aHierro Calleja, Rafael | |
| 245 | 0 | 0 | _aGranada |
| 260 |
_aLeón _bEverest _c[s.f.] |
||
| 300 |
_a159 p. _bil., láms. |
||
| 504 | _aBibliografía para consultar p. 155-157 | ||
| 650 | 4 | _aTURISMO | |
| 650 | 4 | _aGUIAS DE VIAJE | |
| 650 | 4 | _aMUSEOS | |
| 650 | 4 | _aMONUMENTOS HISTORICOS | |
| 650 | 4 | _aVISITAS A LOS MUSEOS | |
| 650 | 4 | _aARTE RELIGIOSO | |
| 650 | 4 | _aDISEÑO ARQUITECTONICO | |
| 650 | 4 | _aEDIFICIOS RELIGIOSOS | |
| 650 | 4 | _aPATRIMONIO CULTURAL | |
| 651 | 4 | _aEspaña | |
| 942 | _cBK | ||
| 998 | _cmariana | ||
| 999 |
_c11298 _d11298 |
||